Programa centroamericano de ciencias de la salud presupuesto extraordinario II semestre 1982

সংরক্ষণ করুন:
গ্রন্থ-পঞ্জীর বিবরন
সংস্থা লেখক: CSUCA. Secretaría General
বিন্যাস: পাঠ‍্য
প্রকাশিত: San José: CSUCA
ট্যাগগুলো: ট্যাগ যুক্ত করুন
কোনো ট্যাগ নেই, প্রথমজন হিসাবে ট্যাগ করুন!

MARC

LEADER 00000 a a2200000 04500
001 20937
003
040
090 |a 089800  
110 |a CSUCA. Secretaría General  
245 |a Programa centroamericano de ciencias de la salud presupuesto extraordinario II semestre 1982  
260 |a San José:   |b CSUCA  
300 |a 2 p.  
999 |c 12032  |d 12032